Public Speaking from the Aspect of Time Perception
Rétorika ako súčasť študijného programu "Cudzie jazyky a interkultúrna komunikácia". Rétorika v anglickom jazyku. Čas ako premenná vo verejnom prejave. Charakteristické črty verejného prejavu. Štruktúra, príprava, načasovanie prezentácie. Argumentácia.
Enregistré dans:
| Auteur principal: | |
|---|---|
| Format: | Chapitre de livre |
| Langue: | anglais |
| Sujets: | |
| Tags: |
Pas de tags, Soyez le premier à ajouter un tag!
|
MARC
| LEADER | 00000naa$a2200000$$$4500 | ||
|---|---|---|---|
| 001 | 0161630 | ||
| 005 | 20240502083359.2 | ||
| 041 | 0 | |a eng | |
| 044 | |a RU | ||
| 245 | 1 | 0 | |a Public Speaking from the Aspect of Time Perception |c Daniela Breveníková |
| 520 | |a Rétorika ako súčasť študijného programu "Cudzie jazyky a interkultúrna komunikácia". Rétorika v anglickom jazyku. Čas ako premenná vo verejnom prejave. Charakteristické črty verejného prejavu. Štruktúra, príprava, načasovanie prezentácie. Argumentácia. | ||
| 610 | 2 | 0 | |a prejavy |
| 610 | 2 | 0 | |a rétorika |
| 610 | 2 | 0 | |a angličtina |
| 610 | 2 | 0 | |a čas |
| 100 | 1 | |a Breveníková, Daniela | |